000
00329nam a22001577a 4500
003
SGT
020
_a
9789390619467
082
_a
616.07
_b
O23G
100
_a
GUPTA, PRAVEEN KR.
245
_a
ONE TOUCH PATHOLOGY
250
_a
1ST
260
_a
INDIA
_b
CBS PUB
_c
2023
300
_a
197
650
_a
PATHOLOGY
942
_2
ddc
_c
BK
999
_c
26846
_d
26846